000 00306nam a2200133Ia 4500
100 _aJain/R.P
942 _cBK
654 _adigital
245 _aDigital electronics and microprocessors
260 _bTata Mc Graw hill
_aNew Delhi
_c1987
082 _a621.38179
_bJAI
300 _a524
546 _aENGLISH
999 _c25828
_d25828